| 000 | 01552cam a22004215i 4500 | ||
|---|---|---|---|
| 999 |
_c21300 _d21272 |
||
| 001 | 015807367 | ||
| 003 | EG-ScBUE | ||
| 005 | 20191218110448.0 | ||
| 006 | m||||f ||d 00| 0 | ||
| 008 | 110506t20122012enka f b 001 0 eng d | ||
| 020 | _a9780273759072 (pbk.) | ||
| 020 | _a0273759078 (pbk.) | ||
| 020 | _a0132165112 (CD with book) | ||
| 020 | _a9780132165112 (CD with book) | ||
| 040 |
_aStDuBDS _beng _erda _cStDuBDS _dUk _dEG-ScBUE |
||
| 082 | 0 | 4 |
_a332.645 _bHUL _222 |
| 100 | 1 |
_aHull, John, _d1946- _eauthor. _939444 |
|
| 245 | 1 | 0 |
_aOptions, futures, and other derivatives / _cJohn C. Hull, Maple financial group professor of derivatives and risk management Joseph L. Rotman School of Management, University of Toronto. |
| 250 | _aEighth edition. | ||
| 250 | _aGlobal edition. | ||
| 264 | 1 |
_aHarlow, England : _bPearson Education Limited, _c[2012] |
|
| 264 | 4 | _cc2012 | |
| 300 |
_axxi, 847 pages : _billustrations ; _c26 cm. + _e1 CD-ROM (4 3/4 in.) |
||
| 336 |
_atext _btxt _2rdacontent |
||
| 336 |
_atext _btxt _2rdacontent |
||
| 337 |
_aunmediated _bn _2rdamedia |
||
| 337 |
_acomputer _bc _2rdamedia |
||
| 338 |
_avolume _bnc _2rdacarrier |
||
| 338 |
_acomputer disc _bcd _2rdacarrier |
||
| 500 | _aPrevious ed.: Upper Saddle River, N.J.: Pearson Prentice Hall, 2009. | ||
| 504 | _aIncludes bibliographical references and indexes. | ||
| 650 | 7 |
_aDerivative securities. _2BUEsh _93234 |
|
| 650 | 7 |
_aFutures. _2BUEsh _93232 |
|
| 650 | 7 |
_aStock options. _2BUEsh _93233 |
|
| 651 | _2BUEsh | ||
| 653 |
_bBUSADM _cMarch2016 |
||
| 942 |
_2ddc _cBB |
||